[Event "CYCC U10"]
[Site "Quebec CAN"]
[Date "2008.07.14"]
[Round "1"]
[White "Wang, Richard"]
[Black "Jean, Justin"]
[Result "1-0"]
[WhiteElo "1886"]
[BlackElo "1305"]
[PlyCount "71"]
[GameId "2160767910353879"]
[EventDate "2008.07.14"]
[EventType "swiss"]
[EventRounds "7"]
[EventCountry "CAN"]
[SourceTitle "EXT 2011"]
[Source "ChessBase"]
[SourceDate "2011.11.26"]
[SourceVersion "1"]
[SourceVersionDate "2011.11.26"]
[SourceQuality "1"]

1. d4 d5 2. Nf3 Nc6 3. e3 Nf6 4. c3 Ne4 5. Nbd2 Bg4 6. Bd3 Bf5 7. Qc2 e6 8. Nxe4 dxe4 9. Bxe4 Qd7 10. Bxf5 exf5 11. O-O O-O-O 12. b4 Bd6 13. b5 Ne7 14. c4 c6 15. a4 g6 16. Qc3 h6 17. Qa5 b6 18. Qc3 g5 19. a5 Kb7 20. c5 Bc7 21. axb6 axb6 22. cxb6 Bxb6 23. Ne5 Qd5 24. Qa3 Qe6 25. bxc6+ Nxc6 26. Nxc6 Qxc6 27. Bd2 Qc7 28. Qa6+ Kc6 29. Rfc1+ Kd7 30. Rxc7+ Bxc7 31. Rc1 h5 32. Qc6+ Ke7 33. Qxc7+ Ke8 34. Bb4 Rd7 35. Qe5+ Kd8 36. Qxh8# 1-0

[Event "CYCC U10"]
[Site "Quebec CAN"]
[Date "2008.07.14"]
[Round "2"]
[White "Zhu, Hong Rui"]
[Black "Wang, Richard"]
[Result "0-1"]
[WhiteElo "1636"]
[BlackElo "1886"]
[PlyCount "46"]
[GameId "2160767910353895"]
[EventDate "2008.07.14"]
[EventType "swiss"]
[EventRounds "7"]
[EventCountry "CAN"]
[SourceTitle "EXT 2011"]
[Source "ChessBase"]
[SourceDate "2011.11.26"]
[SourceVersion "1"]
[SourceVersionDate "2011.11.26"]
[SourceQuality "1"]

1. e4 c5 2. Nf3 d6 3. d4 cxd4 4. Nxd4 Nf6 5. Nc3 g6 6. Be3 Bg7 7. f3 Nc6 8. Qd2 Bd7 9. h4 h5 10. Be2 Rc8 11. O-O-O Ne5 12. Kb1 a6 13. Rdg1 b5 14. a3 Nc4 15. Qc1 Nxa3+ 16. bxa3 Rxc3 17. Bd3 O-O 18. g4 hxg4 19. fxg4 Nxg4 20. Ne2 Qc7 21. Rxg4 Bxg4 22. Nxc3 Qxc3 23. Ka2 Be6+ 0-1

[Event "CYCC U10"]
[Site "Quebec CAN"]
[Date "2008.07.15"]
[Round "3"]
[White "Wang, Richard"]
[Black "Plotkin, Mark"]
[Result "1-0"]
[WhiteElo "1886"]
[BlackElo "1470"]
[PlyCount "129"]
[GameId "2160767910353908"]
[EventDate "2008.07.14"]
[EventType "swiss"]
[EventRounds "7"]
[EventCountry "CAN"]
[SourceTitle "EXT 2011"]
[Source "ChessBase"]
[SourceDate "2011.11.26"]
[SourceVersion "1"]
[SourceVersionDate "2011.11.26"]
[SourceQuality "1"]

1. d4 d5 2. Nf3 Nf6 3. Bg5 Bf5 4. e3 e6 5. Bd3 Bxd3 6. Qxd3 a6 7. Nbd2 Be7 8. Ne5 Nbd7 9. f4 h6 10. Bh4 Nxe5 11. fxe5 Nd7 12. Bxe7 Qxe7 13. O-O O-O 14. Nf3 Rac8 15. c3 c5 16. Rae1 c4 17. Qc2 f5 18. exf6 Rxf6 19. e4 Nb6 20. Re2 Qd7 21. Rfe1 Rcf8 22. Ne5 Qe8 23. a4 Qxa4 24. Qxa4 Nxa4 25. Nd7 dxe4 26. Ra1 Nb6 27. Nxf8 Kxf8 28. Rxe4 Ke7 29. Ra5 Kd6 30. Rc5 g5 31. h4 Na4 32. Rxc4 Kd5 33. hxg5 hxg5 34. Rxa4 Kxe4 35. Rc4 e5 36. dxe5+ Kxe5 37. Rc5+ Kf4 38. b4 Rc6 39. Rxc6 bxc6 40. Kf2 Kg4 41. g3 Kh3 42. Kf3 Kh2 43. c4 Kh3 44. c5 Kh2 45. Kg4 Kg2 46. Kxg5 Kxg3 47. Kf5 Kf3 48. Ke5 Ke3 49. Kd6 Kd4 50. Kxc6 Kc4 51. Kb6 Kxb4 52. c6 a5 53. c7 a4 54. c8=Q a3 55. Qc2 a2 56. Qxa2 Kc3 57. Kc5 Kd3 58. Qc4+ Ke3 59. Kd5 Kd2 60. Qb3 Ke2 61. Ke4 Kf2 62. Qf3+ Kg1 63. Qe2 Kh1 64. Kf3 Kg1 65. Qg2# 1-0

[Event "CYCC U10"]
[Site "Quebec CAN"]
[Date "2008.07.15"]
[Round "4"]
[White "Wang, Richard"]
[Black "Graif, William"]
[Result "0-1"]
[WhiteElo "1886"]
[BlackElo "1050"]
[PlyCount "76"]
[GameId "2160767910353924"]
[EventDate "2008.07.14"]
[EventType "swiss"]
[EventRounds "7"]
[EventCountry "CAN"]
[SourceTitle "EXT 2011"]
[Source "ChessBase"]
[SourceDate "2011.11.26"]
[SourceVersion "1"]
[SourceVersionDate "2011.11.26"]
[SourceQuality "1"]

1. d4 Nf6 2. Nf3 b6 3. Bg5 Bb7 4. Nbd2 d5 5. e3 e6 6. Bd3 Nbd7 7. Ne5 Be7 8. f4 Ne4 9. Bxe7 Qxe7 10. Nxe4 dxe4 11. Bb5 Qb4+ 12. Qd2 Qxb5 13. c4 Qa5 14. b4 Qa4 15. O-O Nxe5 16. fxe5 Qd7 17. a4 O-O 18. Qc3 Rfd8 19. Rfd1 Rac8 20. Qb3 a6 21. b5 axb5 22. axb5 Ra8 23. Qb4 Rxa1 24. Rxa1 Ra8 25. Rxa8+ Bxa8 26. Qa3 Bb7 27. Qa7 Qc8 28. c5 Bd5 29. c6 h6 30. h3 Bc4 31. Qb7 Qd8 32. Qa6 Qd5 33. Qc8+ Kh7 34. Qxc7 Bxb5 35. Qxb6 Qxc6 36. Qa7 Qc1+ 37. Kh2 Qxe3 38. Qxf7 Bc4 0-1

[Event "CYCC U10"]
[Site "Quebec CAN"]
[Date "2008.07.16"]
[Round "5"]
[White "Rathburn-MacKay, Hector"]
[Black "Wang, Richard"]
[Result "0-1"]
[WhiteElo "1321"]
[BlackElo "1886"]
[PlyCount "68"]
[GameId "2160767910353935"]
[EventDate "2008.07.14"]
[EventType "swiss"]
[EventRounds "7"]
[EventCountry "CAN"]
[SourceTitle "EXT 2011"]
[Source "ChessBase"]
[SourceDate "2011.11.26"]
[SourceVersion "1"]
[SourceVersionDate "2011.11.26"]
[SourceQuality "1"]

1. e4 c5 2. Nc3 d6 3. g3 Nf6 4. Bg2 Nc6 5. d3 g6 6. Be3 Bg7 7. h3 Bd7 8. Qd2 O-O 9. Bh6 Nd4 10. Bxg7 Kxg7 11. Nd1 Qb6 12. c3 Nc6 13. f4 Rad8 14. g4 h6 15. Ne3 Qa6 16. f5 Ne5 17. Bf1 Bb5 18. c4 Bc6 19. Be2 b5 20. b3 bxc4 21. bxc4 Rb8 22. h4 Rh8 23. Nh3 Qa3 24. Nf4 g5 25. Nh5+ Nxh5 26. gxh5 Rb2 27. Qc1 Rxe2+ 28. Kxe2 Qxd3+ 29. Kf2 Qxe4 30. Rh3 Nd3+ 31. Ke2 Nxc1+ 32. Rxc1 Rb8 33. hxg5 Rb2+ 34. Kf1 Qf4+ 0-1

[Event "CYCC U10"]
[Site "Quebec CAN"]
[Date "2008.07.16"]
[Round "6"]
[White "Doknjas, John"]
[Black "Wang, Richard"]
[Result "0-1"]
[WhiteElo "1615"]
[BlackElo "1886"]
[PlyCount "84"]
[GameId "2160767910353944"]
[EventDate "2008.07.14"]
[EventType "swiss"]
[EventRounds "7"]
[EventCountry "CAN"]
[SourceTitle "EXT 2011"]
[Source "ChessBase"]
[SourceDate "2011.11.26"]
[SourceVersion "1"]
[SourceVersionDate "2011.11.26"]
[SourceQuality "1"]

1. d4 Nf6 2. c4 c5 3. d5 b5 4. cxb5 a6 5. bxa6 Bxa6 6. Nc3 d6 7. g3 g6 8. Bg2 Bg7 9. Nf3 O-O 10. O-O Nbd7 11. Re1 Ng4 12. h3 Nge5 13. Nxe5 Nxe5 14. f4 Nc4 15. e3 Qa5 16. Qc2 Rfb8 17. Bf1 Nxb2 18. Bxb2 Rxb2 19. Qxb2 Bxc3 20. Qb1 Bxe1 21. Qxe1 Qxe1 22. Rxe1 Bxf1 23. Kxf1 Rxa2 24. Rb1 Rd2 25. e4 Rd4 26. Re1 Kf8 27. Kf2 Ke8 28. Ke3 f5 29. exf5 gxf5 30. Kf3 h5 31. Re6 Rxd5 32. Rh6 c4 33. Rh8+ Kd7 34. Ra8 c3 35. Ra2 Rd3+ 36. Kf2 Ke6 37. Rc2 Kd5 38. Rc1 Kd4 39. Rc2 Rd2+ 40. Rxd2+ cxd2 41. Ke2 Kc3 42. Kd1 e6 0-1

[Event "CYCC U10"]
[Site "Quebec CAN"]
[Date "2008.07.16"]
[Round "7"]
[White "Wang, Richard"]
[Black "Song, Terry"]
[Result "1/2-1/2"]
[WhiteElo "1886"]
[BlackElo "1435"]
[PlyCount "83"]
[GameId "2160767910353966"]
[EventDate "2008.07.14"]
[EventType "swiss"]
[EventRounds "7"]
[EventCountry "CAN"]
[SourceTitle "EXT 2011"]
[Source "ChessBase"]
[SourceDate "2011.11.26"]
[SourceVersion "1"]
[SourceVersionDate "2011.11.26"]
[SourceQuality "1"]

1. d4 Nf6 2. Nf3 g6 3. Bg5 Bg7 4. Nbd2 O-O 5. c4 c5 6. e3 d6 7. Be2 Qb6 8. Qc2 Re8 9. a3 Nfd7 10. Nb3 Nc6 11. Rd1 a5 12. dxc5 Nxc5 13. Nxc5 dxc5 14. Rb1 Bf5 15. Bd3 Bxd3 16. Qxd3 Rad8 17. Qc2 Ne5 18. Nxe5 Bxe5 19. O-O f6 20. Bh6 Rd7 21. f4 Bb8 22. Rbd1 Red8 23. Rxd7 Rxd7 24. Qe4 f5 25. Qc2 Qe6 26. Qc3 Qf6 27. Qc2 Qe6 28. Kf2 Qd6 29. Ke2 Kf7 30. Qc3 e5 31. g4 Ke6 32. gxf5+ gxf5 33. Qc2 e4 34. Rg1 b6 35. Rg8 Rd8 36. Rg7 Rd7 37. Rg5 Bc7 38. Bg7 Bd8 39. Rg2 Bf6 40. Bxf6 Kxf6 41. Qc3+ Ke6 42. Rg1 1/2-1/2

[Event "Edmonton op"]
[Site "Edmonton CAN"]
[Date "2008.07.03"]
[Round "1"]
[White "Wang, Richard"]
[Black "Motuz, Vitaly"]
[Result "0-1"]
[WhiteElo "1886"]
[BlackElo "1773"]
[PlyCount "82"]
[GameId "2160767910354369"]
[EventDate "2008.07.03"]
[EventType "swiss"]
[EventRounds "5"]
[EventCountry "CAN"]
[SourceTitle "EXT 2011"]
[Source "ChessBase"]
[SourceDate "2011.11.26"]
[SourceVersion "1"]
[SourceVersionDate "2011.11.26"]
[SourceQuality "1"]

1. d4 Nf6 2. Nf3 e6 3. Bg5 d5 4. e3 c5 5. c3 Be7 6. Bd3 O-O 7. Nbd2 Nbd7 8. Ne5 c4 9. Bc2 h6 10. Bh4 Nxe5 11. dxe5 Nd7 12. Bxe7 Qxe7 13. f4 f6 14. exf6 Nxf6 15. O-O Qc5 16. Qe2 b5 17. Nf3 Rb8 18. Ne5 b4 19. g4 g5 20. Qf3 bxc3 21. bxc3 Rb2 22. Bb1 Bb7 23. Qh3 Re2 24. Rf3 Rxe3 25. Kf1 Rxf3+ 26. Nxf3 Qe3 27. Bc2 Nxg4 28. Qg3 Rxf4 29. Bd1 d4 30. Kg2 Qxc3 31. Rb1 Bxf3+ 32. Bxf3 Qc2+ 33. Kg1 Qxb1+ 34. Kg2 Ne3+ 35. Kh3 Qf5+ 36. Bg4 Nxg4 37. Kg2 Ne3+ 38. Qxe3 dxe3 39. h3 Qc2+ 40. Kg1 Rf1+ 41. Kxf1 Qf2# 0-1

[Event "Edmonton op"]
[Site "Edmonton CAN"]
[Date "2008.07.10"]
[Round "2"]
[White "Seehagen, Terry"]
[Black "Wang, Richard"]
[Result "0-1"]
[WhiteElo "1636"]
[BlackElo "1886"]
[PlyCount "48"]
[GameId "2160767910354378"]
[EventDate "2008.07.03"]
[EventType "swiss"]
[EventRounds "5"]
[EventCountry "CAN"]
[SourceTitle "EXT 2011"]
[Source "ChessBase"]
[SourceDate "2011.11.26"]
[SourceVersion "1"]
[SourceVersionDate "2011.11.26"]
[SourceQuality "1"]

1. e4 c5 2. d4 cxd4 3. c3 dxc3 4. Nxc3 d6 5. Bc4 e6 6. Nf3 Nf6 7. e5 Ng4 8. Qa4+ Bd7 9. Bb5 Nxe5 10. Nxe5 dxe5 11. Qg4 Bxb5 12. Nxb5 Qa5+ 13. Nc3 Bb4 14. O-O O-O 15. Bh6 g6 16. Qf3 Rd8 17. Ne4 Nc6 18. Nf6+ Kh8 19. Qh3 e4 20. a3 Qf5 21. Qxf5 exf5 22. axb4 Rd6 23. Bg5 h6 24. Ra3 hxg5 0-1

[Event "Edmonton op"]
[Site "Edmonton CAN"]
[Date "2008.07.24"]
[Round "4"]
[White "Sequillion, Aaron"]
[Black "Wang, Richard"]
[Result "1-0"]
[WhiteElo "1810"]
[BlackElo "1886"]
[PlyCount "53"]
[GameId "2160767910354400"]
[EventDate "2008.07.03"]
[EventType "swiss"]
[EventRounds "5"]
[EventCountry "CAN"]
[SourceTitle "EXT 2011"]
[Source "ChessBase"]
[SourceDate "2011.11.26"]
[SourceVersion "1"]
[SourceVersionDate "2011.11.26"]
[SourceQuality "1"]

1. e4 c5 2. Nf3 d6 3. d4 cxd4 4. Nxd4 Nf6 5. Nc3 g6 6. Be3 Bg7 7. f3 Nc6 8. Qd2 Bd7 9. Bc4 O-O 10. O-O-O Rb8 11. g4 b5 12. Bb3 Na5 13. Bh6 Bxh6 14. Qxh6 e5 15. Nf5 Nxb3+ 16. axb3 Bxf5 17. gxf5 b4 18. Nd5 Nxd5 19. Rxd5 Qf6 20. Rg1 Rb6 21. h4 Ra8 22. h5 Qh4 23. Rg4 Qf6 24. hxg6 hxg6 25. fxg6 Qxf3 26. g7 Qh1+ 27. Qxh1 1-0

[Event "Edmonton Summer op"]
[Site "Edmonton CAN"]
[Date "2008.06.05"]
[Round "1"]
[White "Razzaq, Ali"]
[Black "Wang, Richard"]
[Result "0-1"]
[WhiteElo "1874"]
[BlackElo "1864"]
[PlyCount "60"]
[GameId "2160767910350930"]
[EventDate "2008.05.06"]
[EventType "swiss"]
[EventRounds "4"]
[EventCountry "CAN"]
[SourceTitle "EXT 2011"]
[Source "ChessBase"]
[SourceDate "2011.11.26"]
[SourceVersion "1"]
[SourceVersionDate "2011.11.26"]
[SourceQuality "1"]

1. d4 Nf6 2. c4 c5 3. d5 b5 4. Nc3 bxc4 5. e4 d6 6. Bxc4 g6 7. Nf3 Bg7 8. h3 O-O 9. O-O Ba6 10. Bxa6 Nxa6 11. Qd3 Qb6 12. a3 Rfc8 13. Nd2 Nd7 14. Nc4 Qb7 15. f4 Rab8 16. Na5 Qb6 17. Nc6 Rxc6 18. dxc6 c4+ 19. Be3 cxd3 20. Bxb6 Nxb6 21. Nb5 Rc8 22. Rac1 Bxb2 23. Rb1 Nc4 24. Rfd1 Nc5 25. c7 Kg7 26. e5 dxe5 27. fxe5 a6 28. Rxb2 Nxb2 29. Nd6 exd6 30. Rd2 Nc4 0-1

[Event "Edmonton Summer op"]
[Site "Edmonton CAN"]
[Date "2008.06.19"]
[Round "3"]
[White "Wang, Richard"]
[Black "Seehagen, Terry"]
[Result "1-0"]
[WhiteElo "1846"]
[BlackElo "1637"]
[PlyCount "57"]
[GameId "2160767910350951"]
[EventDate "2008.05.06"]
[EventType "swiss"]
[EventRounds "4"]
[EventCountry "CAN"]
[SourceTitle "EXT 2011"]
[Source "ChessBase"]
[SourceDate "2011.11.26"]
[SourceVersion "1"]
[SourceVersionDate "2011.11.26"]
[SourceQuality "1"]

1. d4 Nf6 2. Nf3 c5 3. e3 d5 4. Bd3 c4 5. Be2 Bf5 6. Nbd2 Qa5 7. c3 e6 8. O-O Bd6 9. Ne5 Nbd7 10. f4 Qc7 11. Qe1 O-O-O 12. Nxf7 g5 13. Nxd8 Kxd8 14. Nf3 Ne4 15. Ne5 Nxe5 16. fxe5 Bf8 17. Bf3 h5 18. Bxe4 Bxe4 19. Qf2 Ke8 20. Qf6 Bxg2 21. Kxg2 Qh7 22. Qxe6+ Kd8 23. Qxd5+ Ke8 24. e6 Bd6 25. Qxd6 Qe4+ 26. Rf3 Qc2+ 27. Rf2 Qe4+ 28. Kf1 Qd3+ 29. Ke1 1-0

[Event "Edmonton Summer op"]
[Site "Edmonton CAN"]
[Date "2008.06.26"]
[Round "4"]
[White "Sequillion, Aaron"]
[Black "Wang, Richard"]
[Result "0-1"]
[WhiteElo "1851"]
[BlackElo "1886"]
[PlyCount "55"]
[GameId "2160767910350956"]
[EventDate "2008.05.06"]
[EventType "swiss"]
[EventRounds "4"]
[EventCountry "CAN"]
[SourceTitle "EXT 2011"]
[Source "ChessBase"]
[SourceDate "2011.11.26"]
[SourceVersion "1"]
[SourceVersionDate "2011.11.26"]
[SourceQuality "1"]

1. e4 c5 2. Nf3 d6 3. d4 cxd4 4. Nxd4 Nf6 5. Nc3 g6 6. Be3 Bg7 7. f3 Nc6 8. Qd2 Bd7 9. Bc4 O-O 10. O-O-O Rb8 11. g4 b5 12. Bb3 Ne5 13. h4 a5 14. h5 a4 15. hxg6 hxg6 16. g5 Nh5 17. Rxh5 gxh5 18. Qh2 axb3 19. Qxh5 bxa2 20. Nxa2 Qa5 21. Rh1 Rfc8 22. Nf5 Bxf5 23. exf5 Nd3+ 24. Kb1 Ra8 25. Qh7+ Kf8 26. Qxg7+ Kxg7 27. Bd4+ f6 28. gxf6+ 0-1

[Event "CYCC U10 playoff"]
[Site "Ottawa CAN"]
[Date "2007.07.06"]
[Round "1"]
[White "Brichko, Michael"]
[Black "Wang, Richard"]
[Result "0-1"]
[WhiteElo "1487"]
[BlackElo "1364"]
[PlyCount "80"]
[GameId "2160767910642419"]
[EventDate "2007.07.06"]
[EventType "match"]
[EventCountry "CAN"]
[SourceTitle "EXT 2022"]
[Source "ChessBase"]
[SourceDate "2021.10.06"]
[SourceVersion "1"]
[SourceVersionDate "2021.10.06"]
[SourceQuality "1"]

1. e4 c5 2. Nf3 d6 3. d4 cxd4 4. Nxd4 Nc6 5. Nc3 Bd7 6. Be3 Nf6 7. f3 g6 8. Be2 Bg7 9. g4 Rb8 10. Qd2 a6 11. h4 h5 12. g5 Nh7 13. Nb3 O-O 14. Rg1 Ne5 15. O-O-O b5 16. f4 Ng4 17. Bd3 a5 18. f5 Ne5 19. Rdf1 a4 20. Nd4 Nc4 21. Qe2 Nxe3 22. Qxe3 Qb6 23. Rg3 Bxd4 24. Qd2 Bxc3 25. Qxc3 Rfc8 26. Qd2 b4 27. fxg6 fxg6 28. e5 dxe5 29. Bxg6 Qxg6 30. Rg2 Bf5 31. Rff2 b3 32. c3 bxa2 33. Kd1 a1=Q+ 34. Ke2 Bg4+ 35. Ke3 Qb6+ 36. Ke4 Rc4+ 37. Kxe5 Qb5+ 38. Qd5+ Qxd5+ 39. Kxd5 Rbc8 40. Rc2 R8c5# 0-1

[Event "CYCC U10"]
[Site "Ottawa CAN"]
[Date "2007.07.03"]
[Round "1"]
[White "Wang, Richard"]
[Black "Sharma, Pranav"]
[Result "1-0"]
[WhiteElo "1777"]
[BlackElo "1117"]
[PlyCount "65"]
[GameId "2160767910650705"]
[EventDate "2007.07.03"]
[EventType "swiss"]
[EventRounds "7"]
[EventCountry "CAN"]
[SourceTitle "EXT 2022"]
[Source "ChessBase"]
[SourceDate "2021.10.06"]
[SourceVersion "1"]
[SourceVersionDate "2021.10.06"]
[SourceQuality "1"]

1. d4 d5 2. Nf3 Nc6 3. e3 Nf6 4. b3 Bf5 5. Bb5 g6 6. Bb2 Bg7 7. Ne5 Bd7 8. Bd3 O-O 9. O-O Ne4 10. c4 Be6 11. f3 Nf6 12. cxd5 Nxd5 13. e4 Ne3 14. Qd2 Nxf1 15. Bxf1 Qd6 16. Nxc6 bxc6 17. Na3 c5 18. d5 Bxb2 19. Qxb2 Bd7 20. Nc4 Qf4 21. Qf2 Qf6 22. Rc1 Qg5 23. Rc2 Bb5 24. Qxc5 Bxc4 25. Bxc4 Qh4 26. Rc1 Qf4 27. Rc2 Qh4 28. Rc1 Qh6 29. Ba6 Rab8 30. Qxc7 Qe3+ 31. Kh1 Rb6 32. Bf1 a6 33. h3 1-0

[Event "CYCC U10"]
[Site "Ottawa CAN"]
[Date "2007.07.03"]
[Round "2"]
[White "Kalra, Agastya"]
[Black "Wang, Richard"]
[Result "0-1"]
[WhiteElo "1365"]
[BlackElo "1777"]
[PlyCount "46"]
[GameId "2160767910650712"]
[EventDate "2007.07.03"]
[EventType "swiss"]
[EventRounds "7"]
[EventCountry "CAN"]
[SourceTitle "EXT 2022"]
[Source "ChessBase"]
[SourceDate "2021.10.06"]
[SourceVersion "1"]
[SourceVersionDate "2021.10.06"]
[SourceQuality "1"]

1. e4 e5 2. Nf3 Nc6 3. d4 exd4 4. c3 dxc3 5. Nxc3 Nf6 6. Bc4 d6 7. Qb3 Qe7 8. O-O h6 9. Bf4 Bd7 10. e5 dxe5 11. Nxe5 Nxe5 12. Bxe5 O-O-O 13. Rfe1 Re8 14. Bxf7 Be6 15. Bxe6+ Qxe6 16. Qc2 Bd6 17. Nb5 Bxe5 18. f4 Qb6+ 19. Kh1 Qxb5 20. fxe5 Rxe5 21. Rec1 Re7 22. a4 Qa5 23. Ra3 Rhe8 0-1

[Event "CYCC U10"]
[Site "Ottawa CAN"]
[Date "2007.07.04"]
[Round "3"]
[White "Wang, Richard"]
[Black "Dorrance, Adam"]
[Result "1-0"]
[WhiteElo "1777"]
[BlackElo "1484"]
[PlyCount "93"]
[GameId "2160767910650737"]
[EventDate "2007.07.03"]
[EventType "swiss"]
[EventRounds "7"]
[EventCountry "CAN"]
[SourceTitle "EXT 2022"]
[Source "ChessBase"]
[SourceDate "2021.10.06"]
[SourceVersion "1"]
[SourceVersionDate "2021.10.06"]
[SourceQuality "1"]

1. d4 d5 2. Nf3 Nf6 3. e3 Bf5 4. c4 c6 5. Nc3 e6 6. Bd2 Bd6 7. c5 Bc7 8. b4 b6 9. Qb3 bxc5 10. bxc5 Qc8 11. Be2 O-O 12. Nh4 e5 13. Nxf5 Qxf5 14. Qb7 exd4 15. exd4 Qd7 16. Qxa8 Ba5 17. Rb1 Na6 18. Qb7 Bxc3 19. Bxc3 Rb8 20. Qxb8+ Nxb8 21. Rxb8+ Ne8 22. O-O g6 23. Re1 Kg7 24. Bf3 Nf6 25. Rb2 Qf5 26. Rd2 Ne4 27. Bxe4 dxe4 28. d5+ Kh6 29. d6 e3 30. fxe3 Qd7 31. Rf1 f5 32. Rf3 g5 33. h3 Kg6 34. Rf1 h5 35. Re1 g4 36. h4 g3 37. Be5 Kh6 38. Bxg3 Kg6 39. e4 a5 40. e5 f4 41. e6 Qa7 42. Bf2 f3 43. e7 Kh6 44. e8=Q fxg2 45. Be3+ Kg7 46. Rxg2+ Kh7 47. Qg8# 1-0

[Event "CYCC U10"]
[Site "Ottawa CAN"]
[Date "2007.07.04"]
[Round "4"]
[White "Luo, Zhao Yang"]
[Black "Wang, Richard"]
[Result "1-0"]
[WhiteElo "1795"]
[BlackElo "1777"]
[PlyCount "77"]
[GameId "2160767910650750"]
[EventDate "2007.07.03"]
[EventType "swiss"]
[EventRounds "7"]
[EventCountry "CAN"]
[SourceTitle "EXT 2022"]
[Source "ChessBase"]
[SourceDate "2021.10.06"]
[SourceVersion "1"]
[SourceVersionDate "2021.10.06"]
[SourceQuality "1"]

1. e4 e5 2. Nf3 Nc6 3. Nc3 Nf6 4. Be2 d6 5. d3 Be7 6. O-O Be6 7. Be3 h6 8. a3 g5 9. Re1 Qd7 10. Nd2 Rg8 11. b4 h5 12. f3 h4 13. Bf1 Nh5 14. Nd5 Nf4 15. c4 Nh5 16. Nb3 Nd8 17. d4 c6 18. Nc3 f6 19. Bf2 Rc8 20. Rc1 Bf8 21. d5 Bf7 22. c5 Bh6 23. dxc6 Nxc6 24. cxd6 g4 25. Be3 Bxe3+ 26. Rxe3 b6 27. Nb5 Nf4 28. Nc7+ Kf8 29. Bb5 g3 30. h3 Nxh3+ 31. Kf1 Nf2 32. Qd2 h3 33. Bxc6 hxg2+ 34. Ke2 Qxc6 35. Rxc6 g1=Q 36. d7 Rd8 37. Qd6+ Kg7 38. Qxf6+ Kh7 39. Qh6# 1-0

[Event "CYCC U10"]
[Site "Ottawa CAN"]
[Date "2007.07.05"]
[Round "5"]
[White "Wang, Richard"]
[Black "Lai, Jonathan"]
[Result "1-0"]
[WhiteElo "1777"]
[BlackElo "1473"]
[PlyCount "127"]
[GameId "2160767910650769"]
[EventDate "2007.07.03"]
[EventType "swiss"]
[EventRounds "7"]
[EventCountry "CAN"]
[SourceTitle "EXT 2022"]
[Source "ChessBase"]
[SourceDate "2021.10.06"]
[SourceVersion "1"]
[SourceVersionDate "2021.10.06"]
[SourceQuality "1"]

1. d4 Nf6 2. Nf3 e6 3. e3 Be7 4. Bd3 d6 5. Nbd2 Nbd7 6. O-O O-O 7. b3 b6 8. Bb2 Bb7 9. c4 Re8 10. Qc2 Bf8 11. Ng5 g6 12. f4 Bg7 13. e4 h6 14. Ngf3 Ng4 15. Rae1 Ngf6 16. h3 Nh5 17. Nh2 Qh4 18. Rf2 Nxf4 19. Ref1 Nxd3 20. Qxd3 Rf8 21. Rf4 Qe7 22. R4f3 c5 23. Qe3 cxd4 24. Bxd4 Bxd4 25. Qxd4 e5 26. Qe3 Kg7 27. Ng4 g5 28. R1f2 Nc5 29. Rf6 Rh8 30. b4 Ne6 31. R6f3 Raf8 32. Nf1 Nf4 33. Ng3 Bc8 34. Nf5+ Bxf5 35. exf5 f6 36. h4 h5 37. hxg5 hxg4 38. Rxf4 Rh4 39. g3 Rh5 40. Rxg4 fxg5 41. f6+ Rxf6 42. Rxg5+ Rxg5 43. Qxg5+ Kf7 44. Rxf6+ Qxf6 45. Qxf6+ Kxf6 46. Kf2 Kg5 47. Kf3 a6 48. a3 Kf5 49. b5 a5 50. a4 Kg5 51. Kg2 Kg6 52. Kf2 Kf6 53. Ke3 Kg5 54. Ke4 Kg4 55. Kd5 Kxg3 56. Kxd6 e4 57. c5 e3 58. cxb6 e2 59. b7 e1=Q 60. b8=Q Qb4+ 61. Kc6+ Kg4 62. Qg8+ Kf3 63. Qd5+ Kf4 64. Qd6+ 1-0

[Event "CYCC U10"]
[Site "Ottawa CAN"]
[Date "2007.07.05"]
[Round "6"]
[White "Wang, Richard"]
[Black "Knox, Christopher"]
[Result "0-1"]
[WhiteElo "1777"]
[BlackElo "1995"]
[PlyCount "66"]
[GameId "2160767910650788"]
[EventDate "2007.07.03"]
[EventType "swiss"]
[EventRounds "7"]
[EventCountry "CAN"]
[SourceTitle "EXT 2022"]
[Source "ChessBase"]
[SourceDate "2021.10.06"]
[SourceVersion "1"]
[SourceVersionDate "2021.10.06"]
[SourceQuality "1"]

1. d4 Nf6 2. Nf3 e6 3. e3 c5 4. Bd3 Be7 5. O-O O-O 6. b3 d5 7. Bb2 a6 8. a4 Nc6 9. Ne5 Nd7 10. f4 f5 11. Rf3 Nf6 12. Rh3 cxd4 13. exd4 Nxe5 14. fxe5 Ng4 15. Be2 Bh4 16. Bxg4 fxg4 17. Rd3 Bf2+ 18. Kh1 Qh4 19. Nd2 Bd7 20. Nf1 Be8 21. Ba3 Rf5 22. Qe2 Bg6 23. Rd2 g3 24. h3 Rh5 25. Nh2 Be4 26. Nf3 Qf4 27. Ng1 Qh4 28. Nf3 Qg4 29. Qxf2 gxf2 30. Rxf2 Rxh3+ 31. gxh3 Qxh3+ 32. Kg1 Bxf3 33. Rxf3 Qxf3 0-1

[Event "CYCC U10"]
[Site "Ottawa CAN"]
[Date "2007.07.06"]
[Round "7"]
[White "Sabaratnam, Thiruvaran"]
[Black "Wang, Richard"]
[Result "0-1"]
[WhiteElo "1464"]
[BlackElo "1777"]
[PlyCount "120"]
[GameId "2160767910650804"]
[EventDate "2007.07.03"]
[EventType "swiss"]
[EventRounds "7"]
[EventCountry "CAN"]
[SourceTitle "EXT 2022"]
[Source "ChessBase"]
[SourceDate "2021.10.06"]
[SourceVersion "1"]
[SourceVersionDate "2021.10.06"]
[SourceQuality "1"]

1. e4 c5 2. Nf3 d6 3. d4 cxd4 4. Nxd4 Nf6 5. Nc3 g6 6. Be3 Bg7 7. Be2 O-O 8. Qd2 Nc6 9. f3 Bd7 10. O-O a6 11. a3 Rc8 12. Nxc6 Rxc6 13. Bd4 Qb8 14. Rfe1 Rfc8 15. Rac1 Be6 16. Nd5 Bxd5 17. Bxf6 Bxf6 18. exd5 R6c7 19. c3 b5 20. Kh1 Kg7 21. Rcd1 h5 22. f4 Bh4 23. Rf1 f5 24. Qd4+ Bf6 25. Qe3 a5 26. Qg3 h4 27. Qe3 b4 28. Ba6 Rh8 29. Rc1 bxc3 30. bxc3 Qb3 31. Rf3 Qxd5 32. Qb6 Rc6 33. Qb7 h3 34. Rcf1 hxg2+ 35. Kxg2 Rh4 36. h3 Qc5 37. Re1 Rc7 38. Qb3 Rh8 39. Be2 Rhc8 40. c4 Qc6 41. Kh2 e5 42. fxe5 dxe5 43. Rg3 e4 44. Rg2 Be5+ 45. Kh1 Rg8 46. Reg1 Kf6 47. c5 Rgg7 48. Qb8 Qxc5 49. Qd8+ Qe7 50. Qa8 Qxa3 51. Qd8+ Qe7 52. Qh8 Kf7 53. Qa8 Rh7 54. Qd5+ Qe6 55. Qxe6+ Kxe6 56. Rxg6+ Kf7 57. Bf1 e3 58. R6g5 Ke6 59. Rg6+ Bf6 60. Bg2 Rcg7 0-1